| 000 | 00752cam a22002651 4500 | ||
|---|---|---|---|
| 001 | 28537 | ||
| 003 | BD-RjUL | ||
| 005 | 20211209051309.0 | ||
| 008 | 140331s1960 nyu bd 000 0 eng d | ||
| 035 | _a(BD-RjUL)28618 | ||
| 035 | _a(OCoLC)369126 | ||
| 040 |
_aDLC _cODaWU _dOCoLC _dDLC _dBD-RjUL _beng |
||
| 041 | _aeng | ||
| 082 | 0 | 0 |
_aR 103 _bDIC 1960 |
| 245 | 1 | 0 |
_aDictionary of philosophy / _cDagobert D. Runes. |
| 250 | _a15th ed., rev. | ||
| 260 |
_aNew York : _bPhilosophical Library, _c1960. |
||
| 300 |
_a342 p. ; _c23 cm. |
||
| 504 | _aIncludes bibliographical references. | ||
| 650 | 0 |
_aPhilosophy _vDictionaries. _93153 |
|
| 700 | 1 |
_a Runes Dagobert D. _987418 |
|
| 942 |
_2ddc _cBK |
||
| 999 |
_c28537 _d28537 |
||